Statistiques concernant Grille de mots mini #11

Cliquez ici pour prendre le quiz!

Statistiques générales

  • Ce quiz a été pris 46 fois
  • Le résultat moyen est 23 sur 25

Statistiques - réponses

Place de la lettreRéponses% Correct
1 DE
96%
1 BI
96%
5 ES
96%
1 CG
93%
1 AN
93%
1 ER
93%
5 CS
93%
2 EE
91%
5 DE
91%
5 AE
91%
5 BS
91%
4 ES
91%
2 AA
89%
2 DC
89%
2 CI
89%
4 DL
89%
2 BL
89%
4 CL
89%
4 AP
89%
4 BU
89%
3 BE
87%
3 DO
87%
3 EU
87%
3 AP
84%
3 CR
84%

Distribution des résultats

Percentile par nombre de réponses

% des personnes avec chaque résultat

Votre développement - résultats

Vous n’avez pas pris ce quiz